| 000 | 00549nam a22001577a 4500 | ||
|---|---|---|---|
| 003 | macl | ||
| 005 | 20200630122619.0 | ||
| 008 | 200630b xxu||||| |||| 00| 0 eng d | ||
| 040 | _cmacl | ||
| 082 | _a080 | ||
| 100 |
_aचक्रधर ,डाॅ .सुरेश _978783 |
||
| 245 | _aस्वाध्याय का मार्ग | ||
| 260 |
_aदिल्ली _bभारतीय साहित्य प्रतिष्ठान _c2019 |
||
| 650 |
_aसामान्य वर्ग _936 |
||
| 942 |
_2ddc _cHIN |
||
| 999 |
_c62510 _d62510 |
||